00365nam a2200133Ia 4500003000400000005001700004008004100021040001800062041000800080100005100088110002400139245004800163260002000211OSt20251209104337.0211028s2013 xx 000 0 und d cAIMIT LIBRARY aeng aD'Souza, Roydon; D'Souza, Manibhushan.e111927 aManibhushan D'Souza aParabola: delivery process management tool. aMangalorec2013